| 000 -LEADER |
| fixed length control field |
00621cam a22001217a 4500 |
| 008 - FIXED-LENGTH DATA ELEMENTS--GENERAL INFORMATION |
| fixed length control field |
180718b1997 xxu||||| |||| 00| 0 eng d |
| 082 ## - DEWEY DECIMAL CLASSIFICATION NUMBER |
| Classification number |
B136x54 C749 |
| 245 ## - TITLE STATEMENT |
| Title |
Concurrent evaluation of Integrated Rural Development Programme (IRDP), September 1992 to August 1993: a report |
| Statement of responsibility, etc. |
by Administrative Intelligence Division, Ministry of Rural Areas and Employment |
| 260 ## - PUBLICATION, DISTRIBUTION, ETC. |
| Place of publication, distribution, etc. |
New Delhi |
| Name of publisher, distributor, etc. |
Ministry of Rural Areas and Employment. Administrative Intelligence Division |
| Date of publication, distribution, etc. |
1997 |
| 300 ## - PHYSICAL DESCRIPTION |
| Extent |
129p. |
| 650 ## - SUBJECT ADDED ENTRY--TOPICAL TERM |
| Topical term or geographic name entry element |
Rural development - India |
| 700 ## - ADDED ENTRY--PERSONAL NAME |
| Personal name |
India. Ministry of Rural Areas and Employment. Administrative Intelligence Division |